[Event "Besancon op"]
[Site "Besancon"]
[Date "2005.12.29"]
[Round "7"]
[White "Romano, Gianni"]
[Black "Kharmoudi, Slimane"]
[Result "1/2-1/2"]
[WhiteElo "2111"]
[BlackElo "1961"]
[PlyCount "26"]
[EventDate "2005.12.27"]
[EventType "swiss"]
[EventRounds "7"]
[EventCountry "FRA"]
[SourceTitle "CBM 110 Extra"]
[Source "ChessBase"]
[SourceDate "2006.03.10"]
[SourceVersion "2"]
[SourceVersionDate "2006.03.10"]
[SourceQuality "1"]

1. e4 c5 2. Nc3 a6 3. Nf3 e6 4. g3 b5 5. Bg2 Bb7 6. d3 d6 7. 0-0 Be7 8. Qe2 Nf6 9. h3 d5 10. exd5 Nxd5 11. Nxd5 Bxd5 12. c3 0-0 13. Be3 Nd7 1/2-1/2